Análises das embalagens de plantas medicinais comercializadas em farmácias e drogarias do município de Ijuí/RS (Registro n. 299892)
[ somente texto ]
| 000 -LÍDER | |
|---|---|
| fixed length control field | 04105nab a2200301 i 4500 |
| 003 - CÓDIGO MARC DA AGÊNCIA CATALOGADORA | |
| Campo de controle | BR-BrBNA |
| 005 - DATA E HORA DA ÚLTIMA ATUALIZAÇÃO | |
| Campo de controle | 20240604133402.0 |
| 008 - CAMPO DE TAMANHO FIXO | |
| fixed length control field | 240604b2015 bl.qr|pooa||| 00| 0 por | |
| 040 ## - FONTE DA CATALOGAÇÃO | |
| Agência catalogadora | BR-BrBNA |
| Idioma da catalogação | por |
| 072 ## - CATEGORIA AGRIS | |
| Código AGRIS | Q80 |
| 100 ## - ENTRADA PRINCIPAL - NOME PESSOAL | |
| Nome pessoal | Colet, C.F. |
| 100 ## - ENTRADA PRINCIPAL - NOME PESSOAL | |
| Nome pessoal | Dal Molin, G.T. |
| 100 ## - ENTRADA PRINCIPAL - NOME PESSOAL | |
| Nome pessoal | Cavinatto, A.W. |
| 100 ## - ENTRADA PRINCIPAL - NOME PESSOAL | |
| Nome pessoal | Baiotto, C.S. |
| 100 ## - ENTRADA PRINCIPAL - NOME PESSOAL | |
| Nome pessoal | Oliveira, K.R. |
| 245 ## - TÍTULO PRINCIPAL | |
| Título principal | Análises das embalagens de plantas medicinais comercializadas em farmácias e drogarias do município de Ijuí/RS |
| 500 ## - NOTA GERAL | |
| Nota geral | Publicação on-line; 22 ref.; 4 tables; Summaries (En, Pt) |
| 942 ## - ADDED ENTRY ELEMENTS (KOHA) | |
| Koha item type | |
| 520 ## - NOTA DE RESUMO | |
| Nota de conteúdo | <br/><br/>RESUMO: <br/><br/>O objetivo deste estudo foi analisar as embalagens de plantas medicinais<br/>comercializadas em farmácias e drogarias do município de Ijuí/RS, a partir das legislações<br/>vigentes sobre o tema. A coleta de dados foi realizada na primeira quinzena do mês de<br/>dezembro de 2011 em 13 estabelecimentos farmacêuticos localizados na região central do<br/>município, através de formulário elaborado a partir da legislação. Foram selecionadas para<br/>análise, plantas medicinais acondicionadas em diferentes tipos de embalagens e marcas.<br/>Foram avaliadas 44 embalagens de plantas medicinais, das quais 71% estavam irregulares no<br/>que se refere a indicação terapêutica e ao modo de preparo, considerando o preconizado pela<br/>RDC 10/10. Embora nem todas as drogas vegetais analisadas estivessem notificadas nesta<br/>Resolução, considerou-se o mesmo critério para todas as amostras analisadas. Além disso,<br/>16% dos produtos analisados não apresentavam segurança quanto ao acondicionamento. A<br/>nomenclatura popular estava presente em todas as amostras, enquanto a nomenclatura botânica<br/>em apenas 75%. Conclui-se que todas as embalagens analisadas apresentaram alguma<br/>irregularidade em relação ao que estabelece a RDC n°10/2010, tendo em vista que nenhuma<br/>apresentou todos os requisitos exigidos por ela. Os resultados observados demonstram que a<br/>ausência das informações devidas nas embalagens ou nos folhetos informativos para orientar os<br/>consumidores, pode comprometer o uso seguro das plantas e prejudicar a saúde dos usuários.<br/><br/>Palavras chave: Plantas medicinais, embalagem, farmácias e drogarias, comercialização de<br/>produtos |
| 520 ## - NOTA DE RESUMO | |
| Nota de conteúdo | <br/><br/>ABSTRACT: <br/><br/>Analyses of the packages of medicinal plants sold in pharmacies in the<br/>city of Ijuí – RS, Brazil. This study aimed to analyze the packages of medicinal plants sold in<br/>pharmacies and drugstores in the city of Ijuí, state of Rio Grande do Sul, Brazil, according to<br/>the Brazilian legislation about the subject. Data collection was conducted in December 2011<br/>in 13 selected pharmaceutical establishments located downtown, and data were collected<br/>using a form prepared from the aforementioned resolution. The medicinal plants included in<br/>the analysis were from different types of packages and brands. We evaluated 44 packages of<br/>medicinal plants, of which 71% were irregular in relation to shape, therapeutic indication and<br/>method of preparation. Moreover, 16% of the total products tested had no package security.<br/>The popular nomenclature was present in all samples, while the botanical nomenclature, in<br/>75%. We concluded that all analyzed packages were irregular according to the Brazilian RDC<br/>10/2010 because none of them had all of the requirements. The results observed, such as lack<br/>of information on the packages or leaflets to guide consumers, may compromise the safe use<br/>of plants and endanger the health of users.<br/><br/>Keywords: Medicinal plants, package, pharmacy, marketing products.<br/> |
| 650 ## - ASSUNTO - THESAGRO | |
| Cabeçalho tópico ou nome geográfico | PLANTA MEDICINAL |
| 650 ## - ASSUNTO - THESAGRO | |
| Cabeçalho tópico ou nome geográfico | EMBALAGEM |
| 650 ## - ASSUNTO - THESAGRO | |
| Cabeçalho tópico ou nome geográfico | FARMÁCIA |
| 650 ## - ASSUNTO - THESAGRO | |
| Cabeçalho tópico ou nome geográfico | COMERCIALIZAÇÃO |
| 773 0# - ENTRADA ANALÍTICA | |
| Host Biblionumber | 3543 |
| Registro do item | 315533 |
| Imprenta | Botucatu-SP Instituto de Biociências - Departamento de Química e Bioquímica 1998 |
| Outro identificador | 2024-1859 |
| Título | Revista Brasileira de Plantas Medicinais (Brazil) |
| ISSN | 1516-0572 |
| Colação | v. 17(2) p. 331-339; (2015) |
| Número de controle de registro | BR2024001351 |
| 856 ## - ACESSO E ENDEREÇO ELETRÔNICO | |
| Identificador uniforme de recurso - URI | https://www.scielo.br/j/rbpm/a/g3n8f5VG74QM7n4Rx7P93sL/?format=pdf&lang=pt |
Nenhum exemplar disponível.

BINAGRI